Philo's rhetoric : studies in style, composition, and exegesis /

Bibliographic Details
Main Author: Conley, Thomas M., 1941-
Corporate Author: Center for Hermeneutical Studies in Hellenistic and Modern Culture
Format: Book
Language:English
Published: Berkeley, CA : Center for Hermeneutical Studies in Hellenistic and Modern Culture, [1987]
Series:Monograph (Center for Hermeneutical Studies in Hellenistic and Modern Culture) ; no. 1.
Subjects:

MARC

Tag First Indicator Second Indicator Subfields
LEADER 00000cam a2200000 a 4500
001 in00000020060
005 20151007053817.0
008 870723s1987 cau b 00110 eng
010 |a  87021867  
020 |a 0892420545 (pbk.) :  |c $10.00 
035 |a (OCoLC)16406052 
035 |9 AAB2895AM 
040 |a DLC  |c DLC  |d TXA  |d UtOrBLW 
049 |a TXAM  |c [A11085133] 
050 0 0 |a B689.Z7  |b C67 1987 
082 0 |a 181/.06  |2 19 
100 1 |a Conley, Thomas M.,  |d 1941- 
245 1 0 |a Philo's rhetoric :  |b studies in style, composition, and exegesis /  |c Thomas M. Conley. 
264 1 |a Berkeley, CA :  |b Center for Hermeneutical Studies in Hellenistic and Modern Culture,  |c [1987] 
264 4 |c ©1987 
300 |a 141 pages ;  |c 24 cm. 
336 |a text  |b txt  |2 rdacontent 
337 |a unmediated  |b n  |2 rdamedia 
338 |a volume  |b nc  |2 rdacarrier 
490 1 |a Monograph / Center for Hermeneutical Studies ;  |v no. 1 
504 |a Bibliography: pages 128-131. 
500 |a Includes index. 
600 0 0 |a Philo,  |c of Alexandria  |x Language. 
650 0 |a Rhetoric, Ancient. 
710 2 |a Center for Hermeneutical Studies in Hellenistic and Modern Culture. 
830 0 |a Monograph (Center for Hermeneutical Studies in Hellenistic and Modern Culture) ;  |v no. 1. 
999 |a MARS 
999 f f |s 890bf393-0bb3-3854-9153-1ca0622bb5d0  |i 5626a903-a657-3537-a629-efdb4094b6d8  |t 0 
952 f f |p ric  |a Texas A&M University  |b Rellis Campus  |c Joint Library Facility  |d Remote Storage  |t 0  |e B689.Z7 C67 1987  |h Library of Congress classification  |i unmediated -- volume  |m A14811085133 
998 f f |a B689.Z7 C67 1987  |t 0  |l Remote Storage